| 000 | 00329nam a22001337a 4500 | ||
|---|---|---|---|
| 020 | _a0-340-76529-1 | ||
| 082 |
_a823 _bBLY/F |
||
| 100 | _aENID BLYTON | ||
| 245 |
_aTHE FAMOUS FIVE _bFIVE GO TO BILLYCOCK HILL |
||
| 260 |
_aGREAT BRITAIN _bHODDER CHILDRENS BOOK |
||
| 300 | _a185 | ||
| 650 |
_aADVENTURE _zUNITED KINGDOM |
||
| 942 | _cBK | ||
| 999 |
_c182 _d182 |
||